=LDR 00000nam 2200000 4500 =001 INLIS000000000044923 =005 20210204103639 =035 ##$$a 0010-101300000002845 =008 210204################g##########0#ind## =041 ##$$a Ind =082 ##$$a 329 =090 ##$$a 329, Eka p =100 ##$$a Eka Komariah =245 1#$$a Perempuan di parlemen : $b Peran menuju kerterwakilan politik /$c Eka Komariah ; editor, Deasy Kartika Rahayu, ST.MT =260 ##$$a Jakarta :$b CHS Pro one,$c 2008 =300 ##$$a xii, 205 hlm. ; $c 19 x 12 cm. =650 #4$$a Wanita - Kegiatan Politik =850 ##$$a NBPNMAT =020 ##$$a 978-979-17488-0-3 =084 ##$$a 329 EKA p =710 #$$a Deasy Kartika Rahayu ST MT =990 ##$$a 31200407